000 00952nam a2200229Ii 4500
003 JO-AjNU
008 230605s9999||||xx |||||||||||||| ||und||
017 _a2015/19439
020 _a978-977-726-138-8
040 _aJO-AjNU
_bara
_erda
_cJO-AjNU
041 _aara
050 1 4 _aQA76.9.2016
100 3 _a بسيوني، عبدالحميد,
_eauthor
_962359
245 0 0 _aاستراتيجيات أمن المعلومات والمعايير القياسية ونظم ادارة أمن المعلومات=ISMS ISO/ESC 27000 COBIT ITIL SOX COSO FIPS FISMA HIPAA
250 _aالطبعة الاولى
264 3 1 _aالقاهرة: دار الكتب العلمية للنشر والتوزيع 2015
300 _a234ص
_bيحتوي على فهرس من ص232-234ص
336 _atext
_btxt
_2rdacontent
337 _aunmediated
_bn
_2rdamedia
338 _avolume
_bnc
_2rdacarrier
650 4 _aامن الحاسبات الالكترونية
_962360
999 _aA28234
_c31802
_d31802